000 00435nam a2200181Ia 4500
005 20240823043837.0
008 240823s9999||||xx |||||||||||||| ||und||
041 _aENGLISH
082 _A621.3815 N3
100 _aBapat Y N
245 0 _aElectronic Circuits and Systems
250 _a1st
260 _c1993
_b"TMH,New Delhi"
500 _aYES
650 _aElectronic Circuits
_bInstrumentation
942 _cBK
999 _c211166
_d211166